Study on insect pest problem in maize wet season 2002, ការសិក្សាតាមដាននៃការបំផ្លាញរបស់សត្វល្អិតទៅលើដំណាំពោតនៅរដូវវស្សាឆ្នាំ២០០២ (Record no. 1403)
[ view plain ]
| 000 -LEADER | |
|---|---|
| fixed length control field | 00636nam a22001577a 4500 |
| 003 - CONTROL NUMBER IDENTIFIER | |
| control field | OSt |
| 005 - DATE AND TIME OF LATEST TRANSACTION | |
| control field | 20150928152107.0 |
| 008 - FIXED-LENGTH DATA ELEMENTS--GENERAL INFORMATION | |
| fixed length control field | 150928b xxu||||| |||| 00| 0 eng d |
| 040 ## - CATALOGING SOURCE | |
| Transcribing agency | RUA |
| 082 ## - DEWEY DECIMAL CLASSIFICATION NUMBER | |
| Classification number | ATM.Sp THE 2003 B059 Or.1 |
| 100 ## - MAIN ENTRY--PERSONAL NAME | |
| 9 (RLIN) | 1492 |
| Personal name | THEAM, RANIN. |
| 245 ## - TITLE STATEMENT | |
| Title | Study on insect pest problem in maize wet season 2002, ការសិក្សាតាមដាននៃការបំផ្លាញរបស់សត្វល្អិតទៅលើដំណាំពោតនៅរដូវវស្សាឆ្នាំ២០០២ |
| 260 ## - PUBLICATION, DISTRIBUTION, ETC. (IMPRINT) | |
| Place of publication, distribution, etc. | Phnom Penh |
| Name of publisher, distributor, etc. | RUA |
| Date of publication, distribution, etc. | 2003 |
| 300 ## - PHYSICAL DESCRIPTION | |
| Extent | 61p. |
| Other physical details | ill. |
| Dimensions | 29cm. |
| 942 ## - ADDED ENTRY ELEMENTS (KOHA) | |
| Source of classification or shelving scheme | |
| Koha item type | ATM.s |
| Price effective from | Date last seen | Permanent Location | Not for loan | Date acquired | Source of classification or shelving scheme | Koha item type | Lost status | Withdrawn status | Total Renewals | Date last checked out | Total Checkouts | Shelving location | Damaged status | Barcode | Current Location | Full call number |
|---|---|---|---|---|---|---|---|---|---|---|---|---|---|---|---|---|
| 2015-09-28 | 2019-01-02 | Library Block B | 2015-09-28 | ATM.s | 2018-12-22 | 1 | B059 | RUA001446 | Library Block B | ATM.Sp THE 2003 B059 Or.1 | ||||||
| 2015-09-28 | 2016-07-22 | Library Block B | 2015-09-28 | ATM.s | 2016-07-11 | 1 | B059 | RUA001590 | Library Block B | ATM.Sp THE 2003 B059 Or.2 | ||||||
| 2015-09-28 | 2026-02-12 | Library Block B | 2015-09-28 | ATM.s | 2026-01-16 | 3 | B059 | RUA001178 | Library Block B | ATM.Sp THE 2003 B059 Or.3 | ||||||
| 2015-09-28 | 2015-09-28 | Library Block B | 2015-09-28 | ATM.s | B059 | RUA001526 | Library Block B | ATM.Sp THE 2003 B059 Or.4 | ||||||||
| 2015-09-28 | 2026-02-27 | Library Block B | 2015-09-28 | ATM.s | 2026-01-12 | 3 | B059 | RUA001233 | Library Block B | ATM.Sp THE 2003 B059 Or.5 | ||||||
| 2015-09-28 | 2019-10-14 | Library Block B | 2015-09-28 | ATM.s | 2019-10-07 | 1 | B059 | RUA001173 | Library Block B | ATM.Sp THE 2003 B059 Or.6 | ||||||
| 2015-09-28 | 2026-01-12 | Library Block B | 2015-09-28 | ATM.s | 1 | 2025-12-16 | 1 | B059 | RUA003069 | Library Block B | ATM.Sp THE 2003 B059 Or.7 |